| 000 | 00351nam a22001571a 4500 | ||
|---|---|---|---|
| 020 | _a9788171190836 | ||
| 082 |
_aH3 _bAKH/A |
||
| 100 | _aAkhilesh | ||
| 245 |
_aAnveshan/ _cby Akhilesh |
||
| 260 |
_aNew Delhi: _bRadhakrishna, _c1992. |
||
| 300 | _a122p. | ||
| 650 | _aNovel Hindi | ||
| 650 | _aLiterature Hindi | ||
| 650 | _aLiterature | ||
| 942 | _cBK | ||
| 999 |
_c2542 _d2542 |
||